The Law of Evidence / (Record no. 613051)
[ view plain ]
| 000 -LEADER | |
|---|---|
| fixed length control field | 00313nam a22001337a 4500 |
| 082 ## - DEWEY DECIMAL CLASSIFICATION NUMBER | |
| Classification number | 347.4106 |
| Author Mark | MON |
| 100 ## - MAIN ENTRY--PERSONAL NAME | |
| Personal name | Monir, M. |
| 245 ## - TITLE STATEMENT | |
| Title | The Law of Evidence / |
| Statement of responsibility, etc. | M. Monir |
| 250 ## - EDITION STATEMENT | |
| Edition statement | 10th Edition. |
| 300 ## - PHYSICAL DESCRIPTION | |
| Extent | 560 p. ; |
| 563 ## - BINDING INFORMATION | |
| Binding note | Hardcover. |
| 650 ## - SUBJECT ADDED ENTRY--TOPICAL TERM | |
| Topical term or geographic name entry element | Law, Evidence |
| 942 ## - ADDED ENTRY ELEMENTS (KOHA) | |
| Source of classification or shelving scheme | |
| Koha item type | Book |
| 650 ## - SUBJECT ADDED ENTRY--TOPICAL TERM | |
| -- | 103174 |
| Withdrawn status | Lost status | Source of classification or shelving scheme | Damaged status | Not for loan | Permanent Location | Current Location | Date acquired | Total Checkouts | Full call number | Barcode | Date last seen | Date last checked out | Price effective from | Koha item type | Total Renewals | Checked out |
|---|---|---|---|---|---|---|---|---|---|---|---|---|---|---|---|---|
| NUST Law School (NLS) | NUST Law School (NLS) | 03/02/2025 | 1 | 347.4106 MON | NLS-261 | 10/01/2025 | 09/19/2025 | 03/02/2025 | Book | |||||||
| NUST Law School (NLS) | NUST Law School (NLS) | 03/02/2025 | 347.4106 MON | NLS-262 | 03/02/2025 | 03/02/2025 | Book | |||||||||
| NUST Law School (NLS) | NUST Law School (NLS) | 03/02/2025 | 1 | 347.4106 MON | NLS-263 | 09/25/2025 | 09/25/2025 | 03/02/2025 | Book | 1 | 11/16/2025 | |||||
| NUST Law School (NLS) | NUST Law School (NLS) | 06/28/2025 | 1 | 347.4106 MON | NLS-2440 | 09/19/2025 | 09/19/2025 | 06/28/2025 | Book | 10/19/2025 | ||||||
| NUST Law School (NLS) | NUST Law School (NLS) | 06/28/2025 | 347.4106 MON | NLS-2441 | 06/28/2025 | 06/28/2025 | Book | |||||||||
| NUST Law School (NLS) | NUST Law School (NLS) | 06/28/2025 | 1 | 347.4106 MON | NLS-2439 | 10/29/2025 | 09/19/2025 | 06/28/2025 | Book |
